000 00579nam a2200193 i 4500
001 63582
003 ES-MaACL
005 20230906164921.0
007 t|
008 031212s1947 sp ||||1| spa d
100 1 _aFerris Gómez, Pedro.
_950589
245 1 4 _aLas hemorragias /
_cpor Pedro Ferris Gómez.
260 _aValencia :
_bB.A.M.,
_c1947 (
_fCantos y Ripoll)
300 _a225 p. :
_bil. ;
_c17 cm.
490 1 _aBiblioteca del auxiliar médico
830 0 _aBiblioteca del auxiliar médico
_9183414
852 _aES-MaACL
_jE-1203
_bR.26678
999 _c63582
_d63582